[Event "ECC"]
[Site "Panormo GRE"]
[Date "2001.09.27"]
[Round "5"]
[White "Edvardsson,K"]
[Black "Grivas,E"]
[Result "1-0"]
[WhiteElo "2245"]
[BlackElo "2489"]
[EventDate "2001.09.22"]

1. d4 f5 2. g3 d6 3. Bg2 Nf6 4. Nf3 e6 5. c4 Be7 6. O-O O-O 7. b4 a5 8. b5
Qe8 9. a4 Nbd7 10. Bb2 Qh5 11. Nbd2 Rb8 12. Rc1 b6 13. Ba3 Bb7 14. Ne1 Bxg2
15. Kxg2 f4 16. e4 Qg6 17. e5 Ng4 18. Nef3 Rbe8 19. exd6 cxd6 20. Qe2 e5
21. Qe4 Qxe4 22. Nxe4 d5 23. Bxe7 dxe4 24. Bxf8 exf3+ 25. Kh3 h5 26. Bd6
exd4 27. gxf4 Ndf6 28. c5 Ne4 29. Bc7 Nxc5 30. Bxb6 Nd3 31. Bxd4 Nxc1 32.
Rxc1 Re4 33. b6 Rxd4 34. b7 Nxf2+ 35. Kg3 Ne4+ 36. Kxf3 Rb4 37. Rc8+ Kh7
38. b8=Q Rxb8 39. Rxb8 Nc3 40. Ra8 Nxa4 41. Rxa5 Nb6 42. Rxh5+ Kg6 43. Rc5
Nd7 44. Rc6+ Nf6 45. Ra6 Kf5 46. h3 Kg6 47. Ra7 Kh6 48. Kg3 Kg6 49. Ra5 Kh6
50. Kh4 Kg6 51. f5+ Kh6 52. Ra6 Kh7 53. Rb6 Kh6 54. Re6 Kh7 55. Kg5 Nd5 56.
h4 Kg8 57. Rd6 1-0

[Event "ECC"]
[Site "Panormo GRE"]
[Date "2001.09.27"]
[Round "5"]
[White "Mastrovasilis,D"]
[Black "Thorfinnsson,Bj"]
[Result "0-1"]
[WhiteElo "2435"]
[BlackElo "2220"]
[EventDate "2001.09.22"]

1. e4 e5 2. Nf3 Nc6 3. Bb5 a6 4. Bxc6 dxc6 5. Nc3 Qd6 6. d3 Ne7 7. Be3 c5
8. Nd2 Be6 9. O-O Ng6 10. b3 Be7 11. Nc4 Qd7 12. a4 O-O 13. a5 f6 14. Qd2
Qc6 15. Na4 f5 16. f3 Rad8 17. Qc3 Kh8 18. Rae1 Bd6 19. Qa1 Bxc4 20. bxc4
fxe4 21. fxe4 Nf4 22. Nc3 Qe8 23. Nd5 c6 24. Nc3 Qg6 25. g3 h5 26. Kh1 h4
27. Rf3 Ne6 28. Ref1 Nd4 29. Bxd4 cxd4 30. Ne2 Rxf3 31. Rxf3 Rf8 32. Rxf8+
Bxf8 33. Qf1 Qf6 34. Qg2 Bb4 35. gxh4 Bxa5 36. Ng3 Qf4 37. h5 Bc3 38. h3
Qc1+ 39. Kh2 Bd2 40. h4 Bf4 41. Kh3 Qe3 0-1

[Event "ECC"]
[Site "Panormo GRE"]
[Date "2001.09.27"]
[Round "5"]
[White "Asmundsson,I"]
[Black "Kouvatsou,M"]
[Result "1-0"]
[WhiteElo "2359"]
[BlackElo "2234"]
[EventDate "2001.09.22"]

1. e4 c5 2. Nf3 e6 3. c3 Nf6 4. e5 Nd5 5. d4 cxd4 6. cxd4 d6 7. Nc3 Nxc3 8.
bxc3 Qc7 9. Bd2 Nd7 10. exd6 Qxd6 11. Bd3 Be7 12. Qe2 Nf6 13. Ne5 a6 14.
O-O O-O 15. a4 Bd7 16. Bf4 Rfe8 17. Qf3 Qd5 18. Qh3 g6 19. Bc4 Qe4 20. Bg5
Nh5 21. Bd3 Qd5 22. Bd2 Rad8 23. Rfe1 Nf6 24. Bg5 Nh5 25. Be4 Qd6 26. Bxe7
Rxe7 27. Bxb7 Bxa4 28. Bf3 Bb5 29. Bxh5 gxh5 30. Qxh5 f6 31. Ng4 Rf8 32.
Qh4 f5 33. Ne5 Rg7 34. f3 Qd5 35. Qf4 Kh8 36. Reb1 Rfg8 37. Rb2 Qd8 38. c4
1-0

[Event "ECC"]
[Site "Panormo GRE"]
[Date "2001.09.27"]
[Round "5"]
[White "Thorhallsson,T"]
[Black "Azarov,S"]
[Result "0-1"]
[WhiteElo "2456"]
[BlackElo "2461"]
[EventDate "2001.09.22"]

1. e4 e5 2. Nf3 Nc6 3. Bc4 Bc5 4. Qe2 d6 5. c3 Nf6 6. d3 Be6 7. b4 Bb6 8.
Na3 Ne7 9. Ng5 Qd7 10. f4 exf4 11. Bxf4 O-O 12. Bb3 Bxb3 13. axb3 d5 14. e5
Ng6 15. Bg3 Rae8 16. Nf3 Ng4 17. d4 f6 18. O-O-O fxe5 19. dxe5 Qf5 20. Rxd5
c6 21. Rdd1 Ne3 22. Nd4 Qg5 23. Qd2 Nxe5 24. Rde1 Bxd4 25. cxd4 Nd3+ 26.
Qxd3 Nc4+ 27. Kb1 Nxa3+ 28. Kb2 Nb5 29. Rxe8 Rxe8 30. Rf1 Rd8 31. Rf4 h6
32. Rf5 Rxd4 33. Qxd4 Qxf5 34. Be5 0-1

[Event "ECC"]
[Site "Panormo GRE"]
[Date "2001.09.27"]
[Round "5"]
[White "Zhigalko,A"]
[Black "Gunnarsson,J"]
[Result "1-0"]
[WhiteElo "2400"]
[BlackElo "2404"]
[EventDate "2001.09.22"]

1. e4 e6 2. d4 d5 3. Nc3 Nf6 4. e5 Nfd7 5. f4 c5 6. Nf3 Nc6 7. Be3 cxd4 8.
Nxd4 Bc5 9. Qd2 Nxd4 10. Bxd4 a6 11. Bxc5 Nxc5 12. Qd4 Qc7 13. Bd3 O-O 14.
O-O Nd7 15. a4 Qc5 16. Ne2 Qxd4+ 17. Nxd4 Nc5 18. b4 Nxd3 19. cxd3 Bd7 20.
Rfc1 Rfc8 21. Rxc8+ Rxc8 22. Kf2 Kf8 23. Ke3 Ke7 24. Kd2 f6 25. h4 h6 26.
g3 Rf8 27. Ke3 fxe5 28. fxe5 g5 29. hxg5 hxg5 30. Rc1 Kd8 31. Rh1 g4 32. a5
Rf7 33. Rh8+ Kc7 34. Rg8 Rf1 35. Rxg4 Re1+ 36. Ne2 Ba4 37. Kf2 Rb1 38. Nd4
Bd7 39. Rf4 Kd8 40. g4 Ke7 41. g5 Rb2+ 42. Kg3 Be8 43. Rf6 Bf7 44. g6 Bg8
45. g7 Rxb4 46. Nf3 1-0

[Event "ECC"]
[Site "Panormo GRE"]
[Date "2001.09.22"]
[Round "8"]
[White "Jonsson,B"]
[Black "Litvinov,Vl"]
[Result "1-0"]
[WhiteElo "2395"]
[BlackElo "2317"]
[EventDate "2001.09.22"]

1. e4 e5 2. Nf3 Nc6 3. Bb5 a6 4. Ba4 b5 5. Bb3 Na5 6. O-O Nxb3 7. axb3 Qf6
8. Nc3 Bb7 9. Nd5 Bxd5 10. exd5 Bd6 11. Re1 Kf8 12. Qe2 c6 13. dxc6 dxc6
14. Nxe5 Qxe5 15. Qxe5 Bxe5 16. Rxe5 Ne7 17. d4 f6 18. Re1 Kf7 19. Bd2 Rad8
20. Bb4 Nf5 21. c3 Rhe8 22. Kf1 h5 23. Rxe8 Kxe8 24. Ke2 Kd7 25. Kd3 Nh4
26. Re1 Re8 27. Rxe8 Kxe8 28. g3 Nf3 29. h4 Ne1+ 30. Kd2 Nf3+ 31. Ke3 Ne1
32. Kd2 Nf3+ 33. Ke2 Nh2 34. f3 g5 35. c4 g4 36. fxg4 Nxg4 37. Kf3 Kf7 38.
Bd6 Ke6 39. Bf4 Nh2+ 40. Kg2 Ng4 41. Kf3 Nh2+ 42. Ke4 f5+ 43. Ke3 Ng4+ 44.
Kf3 Nh2+ 45. Ke2 Ng4 46. Bc7 Nf6 47. Ke3 Ne4 48. Be5 c5 49. Bf4 b4 50. d5+
Kf6 51. Bc7 a5 52. Kf4 Nd2 53. Bxa5 Nxb3 54. Bd8+ Kf7 55. Kxf5 Nd2 56. Bb6
Nxc4 57. Bxc5 1-0

[Event "ECC"]
[Site "Panormo GRE"]
[Date "2001.09.27"]
[Round "5"]
[White "Maljush,A"]
[Black "Thorsteinsson,T"]
[Result "1-0"]
[WhiteElo "2312"]
[BlackElo "2324"]
[EventDate "2001.09.22"]

1. e4 c5 2. c3 b6 3. d4 Bb7 4. Bd3 Nf6 5. Qe2 cxd4 6. cxd4 Nc6 7. Nf3 Nb4
8. Nc3 Nxd3+ 9. Qxd3 e6 10. Bf4 d6 11. O-O-O Be7 12. Nd2 O-O 13. f3 Rc8 14.
g4 d5 15. e5 Nd7 16. Kb1 a6 17. Bg3 b5 18. f4 b4 19. Ne2 f5 20. gxf5 exf5
21. Nf1 Qb6 22. Ne3 Qe6 23. Rc1 g6 24. h4 h5 25. Rhg1 Kf7 26. Bf2 a5 27.
Rxc8 Rxc8 28. Nc1 Ba6 29. Qd2 Nb6 30. Nb3 Nc4 31. Nxc4 Bxc4 32. Nc5 Bxc5
33. dxc5 Qa6 34. Rg3 a4 35. Re3 Ke6 36. Qxb4 Bd3+ 37. Ka1 Be4 38. Re1 Rc7
39. Rg1 Kf7 40. Qb8 Rc6 41. Bd4 Re6 42. Qc7+ Kg8 43. Rc1 Rc6 44. Qd8+ Kf7
45. Qd7+ Kf8 46. e6 Rxe6 47. Bg7+ Kg8 48. Bh6 1-0

[Event "ECC"]
[Site "Panormo GRE"]
[Date "2001.09.27"]
[Round "5"]
[White "Ulfarsson,M"]
[Black "Ginzburg,Mi"]
[Result "1/2-1/2"]
[WhiteElo "2290"]
[BlackElo "2274"]
[EventDate "2001.09.22"]

1. e4 e6 2. d4 d5 3. Nc3 Bb4 4. e5 c5 5. a3 Bxc3+ 6. bxc3 Ne7 7. a4 Qc7 8.
Nf3 Bd7 9. Qd2 Nbc6 10. Ba3 b6 11. Bd3 h6 12. O-O Na5 13. Rfb1 Rc8 14. dxc5
bxc5 15. Ba6 Rd8 16. Qe3 d4 17. cxd4 Nd5 18. Qe1 cxd4 19. Nxd4 Qc3 20. Nb5
Qxe1+ 21. Rxe1 Nc4 22. Bc5 Bc8 23. Nc7+ Nxc7 24. Bxc4 Ba6 25. Bxa6 Nxa6 26.
Bd6 f5 27. Rab1 Rd7 28. Rb5 Kf7 29. Reb1 Rc8 30. Rb7 Ke8 31. Rxd7 Kxd7 32.
Rb7+ Kc6 33. Rxa7 Nc5 34. Rxg7 Nxa4 35. Rg6 Kd5 36. Rxh6 Rxc2 37. h4 Nb2
38. Rg6 Nd3 39. f3 f4 40. Kh2 Nxe5 41. Bxe5 Kxe5 42. h5 Kf5 43. Rg7 Kf6 44.
Rg4 e5 45. Rg8 Kf5 46. Rg6 Ra2 47. Rg8 Rb2 48. Rg7 Kf6 49. h6 Rb8 50. Ra7
Rh8 51. h7 Kg6 1/2-1/2

[Event "ECC"]
[Site "Panormo GRE"]
[Date "2001.09.27"]
[Round "5"]
[White "Scheffknecht,P"]
[Black "Sigfusson,S"]
[Result "1/2-1/2"]
[WhiteElo "2150"]
[BlackElo "2284"]
[EventDate "2001.09.22"]

1. d4 Nf6 2. Nf3 g6 3. g3 Bg7 4. Bg2 O-O 5. O-O d6 6. c4 Nbd7 7. Nc3 e5 8.
e4 c6 9. h3 Qc7 10. Be3 Re8 11. Qc2 exd4 12. Nxd4 a6 13. Rac1 Ne5 14. b3
Qe7 15. Rfe1 Ned7 16. Rcd1 Nc5 17. Bf4 Nh5 18. Nxc6 bxc6 19. Bxd6 Qa7 20.
g4 Nf6 21. e5 Nfd7 22. b4 Nb7 23. Bxc6 Nxd6 24. exd6 Rxe1+ 25. Rxe1 Ne5 26.
Bg2 Bb7 27. Nd5 Kf8 28. c5 Re8 29. Rd1 Nc6 30. Qc4 Ne5 31. Qf4 Bxd5 32.
Bxd5 Qd7 33. Bg2 Qa4 34. Qc1 Qxb4 35. c6 Nd3 36. d7 Nxc1 37. dxe8=Q+ Kxe8
38. c7 Ne2+ 39. Kf1 Ng3+ 40. Kg1 1/2-1/2

[Event "ECC"]
[Site "Panormo GRE"]
[Date "2001.09.27"]
[Round "5"]
[White "Atlas,V"]
[Black "Horvath,Ad"]
[Result "1-0"]
[WhiteElo "2484"]
[BlackElo "2504"]
[EventDate "2001.09.22"]

1. e4 c5 2. Nc3 e6 3. g3 Nc6 4. Nge2 a6 5. a4 d5 6. exd5 exd5 7. Bg2 d4 8.
Nd5 Be6 9. Ndf4 Bf5 10. O-O Nf6 11. d3 Qd7 12. c4 Be7 13. Nd5 Nxd5 14. Bxd5
Nb4 15. Be4 Bxe4 16. dxe4 Qe6 17. b3 Qxe4 18. Nf4 Qc2 19. Qe1 Qxb3 20. Qe4
O-O 21. Qxe7 Nc2 22. Nh5 d3 23. Bh6 Qb6 24. Bxg7 Rfe8 25. Nf6+ 1-0

[Event "ECC"]
[Site "Panormo GRE"]
[Date "2001.09.27"]
[Round "5"]
[White "Groszpeter,A"]
[Black "Gustafsson,J"]
[Result "1/2-1/2"]
[WhiteElo "2495"]
[BlackElo "2535"]
[EventDate "2001.09.22"]

1. e4 c5 2. Nf3 Nc6 3. d4 cxd4 4. Nxd4 Nf6 5. Nc3 e5 6. Ndb5 d6 7. Bg5 a6
8. Na3 b5 9. Bxf6 gxf6 10. Nd5 Bg7 11. c3 f5 12. exf5 Bxf5 13. Nc2 O-O 14.
Nce3 Be6 15. Bd3 f5 16. Bc2 f4 17. Qh5 Rf7 18. Bxh7+ Kf8 19. Bf5 Qe8 20.
Bxe6 Qxe6 21. Qg4 Qh6 22. Nf5 Qe6 23. Nfe3 Qh6 24. Nf5 1/2-1/2

[Event "ECC"]
[Site "Panormo GRE"]
[Date "2001.09.27"]
[Round "5"]
[White "Bezold,M"]
[Black "Horvath,Gy"]
[Result "1/2-1/2"]
[WhiteElo "2510"]
[BlackElo "2441"]
[EventDate "2001.09.22"]

1. e4 Nc6 2. Nf3 e5 3. Bc4 Bc5 4. c3 Nf6 5. d3 d6 6. h3 a6 7. Bb3 Ba7 8.
Nbd2 O-O 9. O-O Ne7 10. Re1 Ng6 11. Nf1 Nh5 12. d4 Nhf4 13. Ne3 Qf6 14. Nd5
Nxd5 15. Bg5 Qe6 16. exd5 Qe8 17. dxe5 dxe5 18. d6 cxd6 19. Qxd6 Bb8 20.
Qb6 a5 21. Rad1 Ra6 22. Qc5 b6 23. Qa3 Bc7 24. Ba4 b5 25. Qc5 bxa4 26. Qxc7
f6 27. Be3 Be6 28. a3 Qa8 29. Bb6 Nf4 30. Rd6 Nd5 31. Qc5 Rc8 32. Qb5 Rxb6
1/2-1/2

[Event "ECC"]
[Site "Panormo GRE"]
[Date "2001.09.27"]
[Round "5"]
[White "Palkovi,J"]
[Black "Gaertner,G"]
[Result "1-0"]
[WhiteElo "2446"]
[BlackElo "2392"]
[EventDate "2001.09.22"]

1. e4 c5 2. c3 e6 3. d4 d5 4. exd5 exd5 5. Be3 cxd4 6. Bxd4 Nc6 7. Nf3 Nxd4
8. Qxd4 Nf6 9. Bb5+ Bd7 10. Bxd7+ Qxd7 11. O-O Be7 12. Nbd2 O-O 13. Rfe1
Bd8 14. Qd3 Bb6 15. Nd4 Rfe8 16. a3 Rad8 17. Rad1 a6 18. Nf1 Ng4 19. Ne3
Nxe3 20. Rxe3 Rxe3 21. Qxe3 Qa4 22. Qd2 Bxd4 23. Qxd4 Qxd4 24. Rxd4 Kf8 25.
Kf1 Ke7 26. Ke2 Rd6 27. Rb4 b6 28. Rh4 h6 29. Ra4 a5 30. Kd3 Rf6 31. f3 Kd6
32. Rg4 g6 33. a4 Rf5 34. Rh4 h5 35. Rd4 Kc6 36. b4 Rf6 37. Kd2 Rf5 38. Ke3
Re5+ 39. Kf2 Rf5 40. Ke2 Re5+ 41. Kf2 Rf5 42. h4 Rf6 43. g3 Rf5 44. Rd1 Re5
45. Rb1 axb4 46. cxb4 Re7 47. Rc1+ Kd6 48. a5 bxa5 49. bxa5 Rb7 50. Ra1
Rb2+ 51. Ke3 Kc7 52. a6 Kb8 53. a7+ Ka8 54. Ra5 Rb3+ 55. Kf4 Rd3 56. g4
hxg4 57. fxg4 f6 58. g5 Rd4+ 59. Kg3 Rd3+ 60. Kg2 Rd4 61. Kg3 Rd3+ 62. Kg2
Rd4 63. gxf6 Rf4 64. Ra6 d4 65. Kg3 Rf5 66. Kg4 d3 67. Rd6 Kxa7 68. h5 Rf2
69. hxg6 d2 70. f7 Rg2+ 71. Kf5 1-0

[Event "ECC"]
[Site "Panormo GRE"]
[Date "2001.09.27"]
[Round "5"]
[White "Thoma,R"]
[Black "Csiszar,C"]
[Result "0-1"]
[WhiteElo "2358"]
[BlackElo "2364"]
[EventDate "2001.09.22"]

1. Nf3 Nf6 2. c4 e6 3. e3 c5 4. Be2 g6 5. b3 Bg7 6. Bb2 O-O 7. O-O b6 8.
Qc2 Bb7 9. d3 d6 10. Nbd2 Nbd7 11. Rfd1 a6 12. Rac1 Rc8 13. Qb1 e5 14. Ne1
Qe7 15. Bf3 d5 16. Nf1 Rfe8 17. Qa1 Ba8 18. a3 h5 19. Rc2 Rcd8 20. Rcd2 Bh6
21. Rc2 Rb8 22. a4 a5 23. Nd2 d4 24. Nf1 Nh7 25. Re2 Qd6 26. Bc1 Bg7 27.
Bxa8 Rxa8 28. e4 f5 29. f3 Rf8 30. Nc2 Rf7 31. Na3 Qc6 32. Nb5 Ndf8 33.
exf5 gxf5 34. Rde1 h4 35. Bd2 Ng6 36. Qd1 Re8 37. Bc1 Rfe7 38. Rf2 Bf6 39.
g4 fxg4 40. fxg4 Nf4 41. Bxf4 exf4 42. Rxe7 Rxe7 43. Nd2 Ng5 44. Ne4 Nxe4
45. dxe4 Qxe4 46. Qf1 f3 47. h3 Be5 48. Na3 Bg3 49. Rd2 Qe3+ 0-1

[Event "ECC"]
[Site "Panormo GRE"]
[Date "2001.09.27"]
[Round "5"]
[White "Galego,L"]
[Black "Svetushkin,D"]
[Result "1/2-1/2"]
[WhiteElo "2467"]
[BlackElo "2461"]
[EventDate "2001.09.22"]

1. e4 c6 2. d4 d5 3. Nc3 dxe4 4. Nxe4 Bf5 5. Ng3 Bg6 6. Nf3 e6 7. Bc4 Nd7
8. O-O Ngf6 9. Re1 Be7 10. c3 O-O 11. Nh4 Nd5 12. Nxg6 hxg6 13. Ne4 N7f6
14. Qf3 Nxe4 15. Rxe4 Bg5 16. Qh3 Bxc1 17. Rxc1 Qg5 18. Rce1 Rfe8 19. Bxd5
Qxd5 20. Rh4 f6 21. b3 Rad8 22. Qg3 Kf7 23. Rg4 Qf5 24. Rge4 Qd5 25. h4 Re7
26. R1e3 Rh8 27. c4 Qd8 28. Qg4 f5 29. Qf4 Rd7 30. g3 Re8 31. Re2 Rd6 32.
Rd2 Qd7 33. Re5 Rd8 34. h5 gxh5 35. d5 cxd5 36. cxd5 Rxd5 37. Rdxd5 exd5
38. Rxf5+ Kg8 39. Rxh5 Qe6 40. Re5 Qf7 41. Qxf7+ Kxf7 42. Kf1 Kf6 43. f4
Rd6 44. Ke2 Ra6 45. Rxd5 1/2-1/2

[Event "ECC"]
[Site "Panormo GRE"]
[Date "2001.09.27"]
[Round "5"]
[White "Vassallo,M"]
[Black "Khruschiov,A"]
[Result "1/2-1/2"]
[WhiteElo "2470"]
[BlackElo "2411"]
[EventDate "2001.09.22"]

1. d4 Nf6 2. Nf3 g6 3. g3 Bg7 4. Bg2 O-O 5. O-O d5 6. b3 c5 7. Bb2 Ne4 8.
e3 Nc6 9. Nbd2 Bf5 10. c3 e5 11. dxe5 Nxe5 12. Nxe5 Bxe5 13. Nxe4 Bxe4 14.
f3 Bf5 15. f4 Bg7 16. Bxd5 Re8 17. Re1 Be4 18. Bxe4 Rxe4 19. Qxd8+ Rxd8 20.
Rad1 Rxd1 21. Rxd1 Rxe3 22. Rd8+ Bf8 23. Kf2 Re6 24. c4 Rd6 25. Rxd6 Bxd6
26. Bf6 Kf8 27. Kf3 Be7 28. Bxe7+ Kxe7 29. g4 f5 30. g5 Kf7 31. Ke3 Kg7 32.
Kd3 h6 33. h4 hxg5 34. hxg5 Kf7 35. Kc3 Ke6 36. Kd3 Kd6 37. Kc3 Kc6 38. a3
b6 39. Kd3 a5 1/2-1/2

[Event "ECC"]
[Site "Panormo GRE"]
[Date "2001.09.27"]
[Round "5"]
[White "Santos,JP"]
[Black "Petrenko,S"]
[Result "0-1"]
[WhiteElo "2299"]
[BlackElo "2357"]
[EventDate "2001.09.22"]

1. d4 Nf6 2. c4 g6 3. Nc3 d5 4. Nf3 Bg7 5. Qa4+ c6 6. cxd5 Nxd5 7. e3 O-O
8. Be2 Nd7 9. O-O N7f6 10. Bd2 b5 11. Qb3 Nxc3 12. Bxc3 Be6 13. Qc2 Bf5 14.
Bd3 Bxd3 15. Qxd3 Qd5 16. Qe2 a5 17. Rfc1 Ne4 18. Be1 Rfc8 19. Rc2 b4 20.
Qc4 e6 21. Rac1 Nd6 22. Qb3 Qxb3 23. axb3 Ra6 24. Kf1 Kf8 25. Ra1 Rca8 26.
Rac1 Rc8 27. Ke2 Ke7 28. Kd3 f5 29. Ra1 Rca8 30. Rac1 Kd7 31. Rc5 Ne4 32.
Ne5+ Bxe5 33. Rxe5 a4 34. f3 Nf6 35. Bxb4 Rb8 36. Bc3 Rxb3 37. Rc5 Nd5 38.
g3 Nxc3 39. bxc3 a3 40. Ra1 Rb2 0-1

[Event "ECC"]
[Site "Panormo GRE"]
[Date "2001.09.27"]
[Round "5"]
[White "Mitkov,M"]
[Black "Berend,F"]
[Result "1-0"]
[WhiteElo "2413"]
[BlackElo "2362"]
[EventDate "2001.09.22"]

1. d4 Nf6 2. c4 g6 3. Nc3 Bg7 4. e4 d6 5. Be2 O-O 6. Nf3 Na6 7. O-O c6 8.
Be3 Ng4 9. Bg5 h6 10. Bh4 Nf6 11. Nd2 e5 12. d5 Qb6 13. Rb1 Kh7 14. Kh1 Bd7
15. Qb3 Qc7 16. Rfc1 Nc5 17. Qc2 a5 18. b3 Qb8 19. f3 Rc8 20. dxc6 bxc6 21.
Na4 Nxa4 22. bxa4 Qa7 23. c5 d5 24. Rb6 dxe4 25. fxe4 Be6 26. Ba6 Rc7 27.
Bc4 Bxc4 28. Nxc4 Nd7 29. Qf2 f6 30. Nd6 Rd8 31. Rd1 Nf8 32. Qc2 Ne6 33.
Bf2 Bf8 34. Qb3 Re7 35. g3 Qa8 36. Kg2 h5 37. Rb1 h4 38. Qc4 Bg7 39. Ra6
h3+ 40. Kf1 Ra7 41. Rxa7 Qxa7 42. Qxe6 Qa6+ 43. Qc4 1-0

[Event "ECC"]
[Site "Panormo GRE"]
[Date "2001.09.27"]
[Round "5"]
[White "Upton,T"]
[Black "Stamenkov,V"]
[Result "1/2-1/2"]
[WhiteElo "2303"]
[BlackElo "2378"]
[EventDate "2001.09.22"]

1. e4 c5 2. Nf3 Nc6 3. d4 cxd4 4. Nxd4 Nf6 5. Nc3 e5 6. Ndb5 d6 7. Bg5 a6
8. Na3 b5 9. Bxf6 gxf6 10. Nd5 Bg7 11. Bd3 Ne7 12. Nxe7 Qxe7 13. O-O O-O
14. c3 f5 15. Nc2 Qg5 16. exf5 d5 17. Ne3 Bb7 18. f4 exf4 19. Qg4 Bf6 20.
Rxf4 Kh8 21. Nc2 Qh6 22. Rf3 Rg8 23. Qf4 Qxf4 24. Rxf4 d4 25. Be4 Bxe4 26.
Rxe4 dxc3 27. bxc3 Bxc3 28. Rd1 Rae8 29. Rxe8 Rxe8 30. Kf2 Re4 31. Kf3 Ra4
32. a3 Kg7 33. g4 Be5 34. h3 h5 35. Rg1 Kf6 36. gxh5 Kxf5 37. Rg4 Rxg4 38.
hxg4+ Kg5 39. Nb4 Bd6 40. Nxa6 Bxa3 41. Nc7 b4 42. Nd5 b3 43. Nc3 b2 44.
Kg3 Bb4 45. Nb1 Ba5 46. Na3 Bd2 47. Nb1 Bc1 48. Na3 Kf6 49. Kf3 Bh6 50. Ke4
Kg5 51. Kf3 Kh4 52. Nb1 Bc1 53. Na3 Kg5 54. Nb1 Kf6 55. Na3 Bh6 56. Ke4 Bf8
57. Nb1 Ke6 58. g5 Be7 59. Kf4 Bd6+ 60. Ke4 Be5 61. Na3 Bh8 62. Nb1 Be5 63.
Na3 Bg7 64. Nb1 Kd6 65. g6 fxg6 66. hxg6 Kc5 67. Kd3 Kb4 68. Kc2 Ka4 69.
Nd2 Kb4 1/2-1/2

[Event "ECC"]
[Site "Panormo GRE"]
[Date "2001.09.27"]
[Round "5"]
[White "Zifroni,D"]
[Black "Karttunen,M"]
[Result "1-0"]
[WhiteElo "2548"]
[BlackElo "2466"]
[EventDate "2001.09.22"]

1. c4 g6 2. Nf3 Bg7 3. d4 d6 4. g3 Nc6 5. Nc3 e5 6. dxe5 Nxe5 7. Nxe5 dxe5
8. Qxd8+ Kxd8 9. Bg5+ Bf6 10. Rd1+ Bd7 11. Bh3 Bxg5 12. Rxd7+ Ke8 13. Rxc7
Rb8 14. Bg2 1-0

[Event "ECC"]
[Site "Panormo GRE"]
[Date "2001.09.27"]
[Round "5"]
[White "Lev,R"]
[Black "Kiik,K"]
[Result "1/2-1/2"]
[WhiteElo "2447"]
[BlackElo "2449"]
[EventDate "2001.09.22"]

1. d4 g6 2. c4 Bg7 3. e4 c5 4. d5 d6 5. Nc3 a6 6. h3 e6 7. Bd3 exd5 8. exd5
Nd7 9. Nf3 Ne5 10. Nxe5 Bxe5 11. O-O Kf8 12. Be3 h5 13. Qd2 Ne7 14. Bf4
Bxf4 15. Qxf4 Bf5 16. Rad1 Kg7 17. Rfe1 Bxd3 18. Rxd3 Nf5 19. Ne4 b5 20.
Qc1 b4 21. b3 Re8 22. Qb2+ f6 23. Kf1 Kf7 24. g4 hxg4 25. hxg4 Nd4 26. Rh3
Kg7 27. Qd2 Rh8 28. Rxh8 Qxh8 29. Kg2 Qh4 30. Qf4 Rh8 31. Qg3 Qxg3+ 32.
Kxg3 Re8 33. Re3 Rd8 34. Kf4 g5+ 35. Kg3 Kg6 36. f4 a5 37. fxg5 fxg5 38.
Nd2 a4 39. Nf3 axb3 40. axb3 Rf8 41. Nxd4 cxd4 42. Re4 Rf1 43. Rxd4 Rc1 44.
Re4 Rc3+ 45. Kf2 Rxb3 46. Re6+ Kf7 47. Rxd6 Rc3 48. Rc6 b3 1/2-1/2

[Event "ECC"]
[Site "Panormo GRE"]
[Date "2001.09.27"]
[Round "5"]
[White "Saastamoinen,A"]
[Black "Ben Menachem,I"]
[Result "1/2-1/2"]
[WhiteElo "2180"]
[BlackElo "2331"]
[EventDate "2001.09.22"]

1. e4 e5 2. Nf3 Nc6 3. Bb5 d6 4. d4 Bd7 5. O-O Nf6 6. Re1 exd4 7. e5 Nxe5
8. Nxe5 dxe5 9. Rxe5+ Be7 10. Qe2 Kf8 11. Bxd7 Nxd7 12. Rd5 Bf6 13. Bf4 Qe8
14. Qxe8+ Rxe8 15. Nd2 Nb6 16. Ra5 Nc8 17. Bxc7 Re6 18. Bf4 Ke7 19. f3 Rd8
20. Ne4 h6 21. Nxf6 Kxf6 22. Rd1 a6 23. Rc5 Ne7 24. Kf2 Nc6 25. h4 Rde8 26.
Rd2 Re1 27. c3 d3 28. Rd5 R8e2+ 29. Rxe2 Rxe2+ 30. Kg3 Rxb2 31. a3 d2 32.
Bxd2 Ke6 33. Rd3 h5 34. Bf4 Rb3 35. Rd6+ Ke7 36. Rd3 f6 37. Bd6+ Ke6 38.
Bf8 g6 39. Bc5 Rb5 40. Bb4 a5 41. Bf8 Rb3 42. Bc5 Rb5 1/2-1/2

[Event "ECC"]
[Site "Panormo GRE"]
[Date "2001.09.27"]
[Round "5"]
[White "Berzinsh,R"]
[Black "Pribyl,J"]
[Result "1-0"]
[WhiteElo "2478"]
[BlackElo "2397"]
[EventDate "2001.09.22"]

1. e4 d6 2. d4 Nf6 3. Nc3 e5 4. Nge2 c6 5. f3 Nbd7 6. Be3 b5 7. g4 Bb7 8.
Qd2 b4 9. Nd1 d5 10. g5 Nh5 11. exd5 cxd5 12. Nf2 Bd6 13. Ng3 Nxg3 14. hxg3
f5 15. O-O-O Qa5 16. Kb1 O-O-O 17. Nd3 e4 18. Bf4 Qb6 19. Bxd6 Qxd6 20. Qf4
Kc7 21. Ne5 Nxe5 22. dxe5 Qe6 23. Rd4 a5 24. fxe4 fxe4 25. Bh3 Qe7 26. e6+
Rd6 27. c4 dxc4 28. Rhd1 Rhd8 29. Qe5 e3 30. Bg4 c3 31. Qxa5+ Kb8 32. Qe5
Kc7 33. Rxb4 cxb2 34. Kxb2 h6 35. Rc4+ Bc6 36. Bf3 Rb8+ 37. Ka1 Rb6 38.
Rdc1 Kd8 39. Rxc6 Rdxc6 40. Rxc6 Rxc6 41. Bxc6 Qa3 42. e7+ 1-0

[Event "ECC"]
[Site "Panormo GRE"]
[Date "2001.09.27"]
[Round "5"]
[White "Hausner,I"]
[Black "Neiksans,A"]
[Result "1/2-1/2"]
[WhiteElo "2428"]
[BlackElo "2435"]
[EventDate "2001.09.22"]

1. c4 f5 2. g3 Nf6 3. Bg2 e6 4. Nf3 b6 5. Ne5 c6 6. d4 Bb7 7. O-O d6 8. Nd3
d5 9. Qc2 Bd6 10. Nd2 O-O 11. Nf3 Nbd7 12. Bf4 Ne4 13. Bxd6 Nxd6 14. Nfe5
Nxe5 15. Nxe5 Nf7 16. Nd3 Nd6 17. c5 Nf7 18. f4 Qf6 19. Qc3 1/2-1/2

[Event "ECC"]
[Site "Panormo GRE"]
[Date "2001.09.27"]
[Round "5"]
[White "Starostits,I"]
[Black "Freisler,P"]
[Result "1-0"]
[WhiteElo "2411"]
[BlackElo "2350"]
[EventDate "2001.09.22"]

1. e4 Nf6 2. e5 Nd5 3. d4 d6 4. Nf3 c6 5. Be2 dxe5 6. Nxe5 Nd7 7. O-O Nxe5
8. dxe5 Bf5 9. a3 e6 10. c4 Ne7 11. Qb3 Qc7 12. Nc3 h6 13. f4 g5 14. Kh1
gxf4 15. Bxf4 Ng6 16. Bg3 h5 17. Nd5 cxd5 18. cxd5 a6 19. Rac1 Qd7 20. Rxf5
exf5 21. e6 fxe6 22. dxe6 Qd8 23. Qa4+ b5 24. Bxb5+ axb5 25. Qxb5+ Ke7 26.
Qxf5 Qd2 27. Rc7+ Kd8 28. Rd7+ Qxd7 29. exd7 Ne7 30. Qf6 Rg8 31. Qb6+ Kxd7
32. Qb7+ Ke6 33. Qxa8 Bg7 34. Qe4+ Kf7 35. Qc4+ Ke8 36. Bh4 Rf8 37. Qe2 Bf6
38. Qxh5+ Kd7 39. Qh6 Bg7 40. Qd2+ Ke8 41. Qe2 Bf6 42. Bxf6 Rxf6 43. g4 1-0

[Event "ECC"]
[Site "Panormo GRE"]
[Date "2001.09.27"]
[Round "5"]
[White "Jirovsky,Pe"]
[Black "Dzjuba,V"]
[Result "1/2-1/2"]
[WhiteElo "2423"]
[BlackElo "2273"]
[EventDate "2001.09.22"]

1. d4 Nf6 2. c4 g6 3. Nc3 Bg7 4. e4 d6 5. f4 Bg4 6. Be2 Bxe2 7. Ngxe2 c5 8.
dxc5 Qa5 9. cxd6 Nxe4 10. Qd5 Qxd5 11. Nxd5 Na6 12. dxe7 Rc8 13. f5 Rxc4
14. O-O Nc7 15. Nef4 Nxd5 16. Nxd5 Rd4 17. Nc3 Kxe7 18. f6+ Nxf6 19. Bg5
Rd6 20. Ne4 Re6 21. Rae1 h6 22. Nxf6 hxg5 23. Nd5+ Kd6 24. Rd1 Kc5 25. Rxf7
Bd4+ 26. Kh1 Rd6 27. Nc3 Bxc3 28. Rxd6 Kxd6 29. bxc3 Rc8 30. Rxb7 Rxc3 31.
h3 Ra3 32. Rg7 Ke6 33. Rxg6+ Kf5 34. Rg8 Rxa2 1/2-1/2

[Event "ECC"]
[Site "Panormo GRE"]
[Date "2001.09.27"]
[Round "5"]
[White "Bator,R"]
[Black "Zetocha,C"]
[Result "1-0"]
[WhiteElo "2403"]
[BlackElo "2434"]
[EventDate "2001.09.22"]

1. d4 e6 2. c4 c5 3. d5 exd5 4. cxd5 d6 5. Nc3 g6 6. e4 a6 7. a4 Bg7 8. Nf3
Ne7 9. Be2 O-O 10. O-O Bg4 11. Nd2 Bxe2 12. Qxe2 Nd7 13. Nc4 Ne5 14. Bf4
Nxc4 15. Qxc4 h6 16. Bg3 g5 17. h4 Ng6 18. hxg5 hxg5 19. Nd1 Nf4 20. Ra3
Qe7 21. Rf3 b5 22. Qc2 f5 23. Bxf4 Qxe4 24. Qd2 gxf4 25. axb5 axb5 26. Nc3
Bxc3 27. bxc3 Ra4 28. Qd1 Re8 29. Rh3 Qe2 30. Qb1 Kg7 31. Qxf5 Qxf1+ 32.
Kh2 1-0

[Event "ECC"]
[Site "Panormo GRE"]
[Date "2001.09.27"]
[Round "5"]
[White "Lipka,J"]
[Black "Hermansson,E"]
[Result "0-1"]
[WhiteElo "2432"]
[BlackElo "2381"]
[EventDate "2001.09.22"]

1. e4 c6 2. d4 d5 3. exd5 cxd5 4. c4 Nf6 5. Nc3 e6 6. Nf3 Bb4 7. cxd5 Nxd5
8. Qc2 Nc6 9. Be2 O-O 10. O-O Qc7 11. Bd3 h6 12. Nxd5 exd5 13. h3 Be6 14.
Be3 Qb6 15. a3 Bd6 16. Qd2 Ne7 17. Nh4 Bd7 18. Rfe1 Rfe8 19. Rac1 Rac8 20.
Rxc8 Bxc8 21. Bb1 Bb8 22. Qd3 Kf8 23. Qh7 Ng8 24. Re2 Qf6 25. g3 g5 26. Bg6
Be6 27. Bd2 Rd8 28. Bb4+ Bd6 29. Bxd6+ Rxd6 30. Nf5 Rb6 31. g4 Qxg6 32. Qh8
Qf6 33. Qh7 Qg6 34. Qh8 Bxf5 35. gxf5 Qxf5 36. Re5 Qf6 37. Qh7 Rxb2 38. Rf5
Qg7 0-1